000 00360nam a2200121Ia 4500
008 230524s9999 xx 000 0 und d
100 _a"Asoke K. Talukder, Hasan Ahmed, Roopa R Yavagal"
245 0 _a"Mobile Computing: Technology, Applications and Service Creation"
260 _bTMH
500 _aQuantity Number: 16
650 _aElectronics
942 _cBK
999 _c49496
_d49496